[Event "Titled Tuesday intern op 01st June"]
[Site "Chess.com INT"]
[Date "2021.06.01"]
[Round "6"]
[White "Kololli, Martin"]
[Black "Melian, Juan Sebastian"]
[Result "0-1"]
[WhiteElo "2316"]
[BlackElo "1978"]
[PlyCount "52"]
[EventDate "2021.06.01"]
[EventType "swiss (blitz)"]
[EventRounds "11"]
[EventCountry "USA"]
[SourceTitle "CBM 202 Extra"]
[Source "ChessBase"]
[SourceDate "2021.07.31"]
[SourceVersion "1"]
[SourceVersionDate "2021.07.31"]
[SourceQuality "1"]

1. e4 c5 2. c3 e6 3. d4 Nf6 4. e5 Nd5 5. Nf3 cxd4 6. cxd4 d6 7. Bc4 Nc6 8. 0-0 Bd7 9. Bxd5 exd5 10. Nc3 Be6 11. Ng5 dxe5 12. Nxe6 fxe6 13. dxe5 g6 14. Qg4 Qd7 15. Bg5 Bg7 16. f4 0-0 17. Rad1 Rae8 18. Nxd5 Nxe5 19. Ne7+ Qxe7 20. fxe5 Qc5+ 21. Kh1 Rxf1+ 22. Rxf1 Qxe5 23. b3 Rf8 24. Rxf8+ Bxf8 25. h4 Bd6 26. Bd2 Qh2# 0-1

[Event "GER-chT U20"]
[Site "Braunschweig"]
[Date "2019.12.29"]
[Round "6.4"]
[White "Stelmaszyk, Nico"]
[Black "Kololli, Martin"]
[Result "1-0"]
[WhiteElo "2194"]
[BlackElo "2343"]
[PlyCount "119"]
[EventDate "2019.12.27"]
[EventType "team-swiss"]
[EventRounds "7"]
[EventCountry "GER"]
[SourceTitle "CBM 194 Extra"]
[Source "ChessBase"]
[SourceDate "2020.03.31"]
[SourceVersion "1"]
[SourceVersionDate "2020.03.31"]
[SourceQuality "1"]
[WhiteTeam "Lehrte"]
[BlackTeam "Luebeck"]
[WhiteTeamCountry "GER"]
[BlackTeamCountry "GER"]

1. e4 c5 2. Nf3 g6 3. d4 cxd4 4. Qxd4 Nf6 5. e5 Nc6 6. Qa4 Nd5 7. Qe4 Nb6 8. Nc3 Bg7 9. Bf4 d5 10. exd6 Bf5 11. Qe3 0-0 12. 0-0-0 exd6 13. Rxd6 Qc8 14. Bh6 Re8 15. Qd2 Bh8 16. Bb5 a6 17. Be2 Qc7 18. Bf4 Ne5 19. Nxe5 Bxe5 20. Bxe5 Rxe5 21. Rd1 Rae8 22. Rd8 Nd7 23. Rxe8+ Rxe8 24. g4 Be6 25. f4 Nf6 26. f5 Bc8 27. g5 Nd7 28. Nd5 Qxh2 29. f6 Nf8 30. Ne7+ Kh8 31. Qe3 Be6 32. Bf3 Qg3 33. Rg1 Qc7 34. Be4 Rd8 35. Bd3 Qd6 36. Kb1 Nd7 37. Qf3 Qd4 38. Rh1 Nf8 39. Qxb7 Qd6 40. b3 Rd7 41. Qxa6 Qd4 42. Qa8 Rd8 43. Nc6 Rxa8 44. Nxd4 h5 45. gxh6 Bd5 46. Re1 Kh7 47. c4 Be6 48. Be4 Re8 49. Kc1 Kxh6 50. Bd5 Kg5 51. Bxe6 fxe6 52. f7 Re7 53. c5 Kf6 54. Rf1+ Kg7 55. c6 Rc7 56. Re1 Kf6 57. Rxe6+ Kxf7 58. Re1 Rc8 59. b4 Rd8 60. Re4 1-0

[Event "GER-chT Lands U20"]
[Site "Wuerzburg"]
[Date "2019.10.06"]
[Round "7.2"]
[White "Stelmaszyk, Nico"]
[Black "Kololli, Martin"]
[Result "0-1"]
[WhiteElo "2190"]
[BlackElo "2310"]
[PlyCount "66"]
[EventDate "2019.10.01"]
[EventType "team-swiss"]
[EventRounds "7"]
[EventCountry "GER"]
[SourceTitle "EXT 2020"]
[Source "ChessBase"]
[SourceDate "2019.10.17"]
[SourceVersion "1"]
[SourceVersionDate "2019.10.17"]
[SourceQuality "1"]
[WhiteTeam "Niedersachsen"]
[BlackTeam "Schleswig Holstein"]
[WhiteTeamCountry "GER"]
[BlackTeamCountry "GER"]

1. e4 c5 2. Nf3 g6 3. d3 Bg7 4. Nc3 d6 5. g3 Nc6 6. Bg2 Nf6 7. 0-0 0-0 8. Bg5 h6 9. Bd2 Rb8 10. Nh4 b5 11. f4 Bg4 12. Bf3 Bxf3 13. Nxf3 b4 14. Ne2 Qc8 15. Qc1 Kh7 16. c4 bxc3 17. Bxc3 Qa6 18. Qd2 c4 19. e5 dxe5 20. fxe5 cxd3 21. exf6 dxe2 22. fxg7 exf1Q+ 23. Rxf1 Rg8 24. Qd7 Qb6+ 25. Kh1 Qc5 26. Qh3 f6 27. Bd2 h5 28. g4 Rxg7 29. Rc1 Qd5 30. gxh5 gxh5 31. Rxc6 Qxc6 32. Qxh5+ Kg8 33. Bh6 Rb5 0-1

[Event "JBLN West 1819"]
[Site "Germany"]
[Date "2019.05.18"]
[Round "8.1"]
[White "Kololli, Martin"]
[Black "Schulze, Lara"]
[Result "1/2-1/2"]
[WhiteElo "2305"]
[BlackElo "2158"]
[PlyCount "87"]
[EventDate "2018.09.23"]
[EventType "team-tourn"]
[EventRounds "9"]
[EventCountry "GER"]
[SourceTitle "EXT 2020"]
[Source "ChessBase"]
[SourceDate "2019.10.17"]
[SourceVersion "1"]
[SourceVersionDate "2019.10.17"]
[SourceQuality "1"]
[WhiteTeam "Luebeck SV U20"]
[BlackTeam "Lehrte U20"]
[WhiteTeamCountry "GER"]
[BlackTeamCountry "GER"]

1. f4 d5 2. Nf3 Bg4 3. e3 Nd7 4. Be2 c6 5. 0-0 Ngf6 6. b3 Bxf3 7. Bxf3 e5 8. g4 h6 9. Bb2 Bd6 10. Bg2 Qc7 11. Qf3 0-0-0 12. h3 h5 13. g5 Ng8 14. d3 f6 15. Nd2 Ne7 16. gxf6 gxf6 17. fxe5 fxe5 18. Qf7 Kb8 19. a3 Rdf8 20. Qg7 Rfg8 21. Qf7 Rh6 22. Rf2 Rf8 23. Qg7 Rxf2 24. Kxf2 Nf5 25. Qg8+ Nf8 26. Bxe5 Qe7 27. Bxd6+ Nxd6 28. Nf3 Nf5 29. Qg5 Rf6 30. Re1 Ne6 31. Qxh5 Qc5 32. Qh8+ Rf8 33. Qe5+ Nc7 34. Re2 Qxa3 35. Kg1 Qc1+ 36. Kh2 a5 37. Qf4 Qa3 38. Ng5 Qe7 39. Rf2 Rg8 40. Qxf5 Rxg5 41. Qf8+ Qxf8 42. Rxf8+ Ka7 43. Rf7 Nb5 44. h4 1/2-1/2

[Event "JBLN West 1819"]
[Site "Germany"]
[Date "2018.11.04"]
[Round "2.1"]
[White "Kololli, Martin"]
[Black "Knuedel, Torben"]
[Result "1-0"]
[WhiteElo "2305"]
[BlackElo "2103"]
[PlyCount "103"]
[EventDate "2018.09.23"]
[EventType "team-tourn"]
[EventRounds "9"]
[EventCountry "GER"]
[SourceTitle "EXT 2020"]
[Source "ChessBase"]
[SourceDate "2019.10.17"]
[SourceVersion "1"]
[SourceVersionDate "2019.10.17"]
[SourceQuality "1"]
[WhiteTeam "Luebeck SV U20"]
[BlackTeam "Uelzen Post U20"]
[WhiteTeamCountry "GER"]
[BlackTeamCountry "GER"]

1. e4 e5 2. Nf3 Nc6 3. Bb5 a6 4. Ba4 Nf6 5. 0-0 Be7 6. Re1 b5 7. Bb3 0-0 8. c3 d5 9. exd5 Nxd5 10. Nxe5 Nxe5 11. Rxe5 c6 12. d4 Bd6 13. Re1 Qh4 14. g3 Qh3 15. Be3 Bg4 16. Qd3 Rae8 17. Nd2 f5 18. f4 Re6 19. Qf1 Qh5 20. Qg2 Rfe8 21. Bxd5 cxd5 22. Qxd5 Kh8 23. Bf2 Be2 24. Qg2 Rg6 25. Be3 Bg4 26. a4 h6 27. axb5 axb5 28. Ra8 Rge6 29. Qc6 Rxa8 30. Qxa8+ Qe8 31. Qxe8+ Rxe8 32. Kf2 Ra8 33. c4 Bb4 34. cxb5 Rb8 35. Ra1 Rxb5 36. Nc4 Bh5 37. Ra7 Kg8 38. Ra8+ Kf7 39. Bd2 Ke6 40. Bc3 Rb7 41. Ra6+ Ke7 42. Ne3 Bxc3 43. Nxf5+ Kd7 44. bxc3 Rb2+ 45. Ke3 Re2+ 46. Kd3 Rxh2 47. Ra7+ Kc6 48. Rxg7 Bd1 49. Rg6+ Kb5 50. c4+ Kb4 51. Rb6+ Ka5 52. Rxh6 1-0

[Event "Youth District Germany"]
[Site "Wuerzburg"]
[Date "2018.10.04"]
[Round "3.2"]
[White "Neukirchner, Pascal"]
[Black "Kololli, Martin"]
[Result "1/2-1/2"]
[WhiteElo "2294"]
[BlackElo "2331"]
[PlyCount "69"]
[EventDate "2018.10.02"]
[EventType "team-swiss"]
[EventRounds "7"]
[EventCountry "GER"]
[SourceTitle "CBM 186 Extra"]
[Source "ChessBase"]
[SourceDate "2018.08.24"]
[SourceVersion "1"]
[SourceVersionDate "2018.08.24"]
[SourceQuality "1"]
[WhiteTeam "Hessen U20"]
[BlackTeam "Schleswig Holstein U20"]
[WhiteTeamCountry "GER"]
[BlackTeamCountry "GER"]

1. d4 Nf6 2. c4 e6 3. g3 Be7 4. Bg2 d5 5. Nf3 0-0 6. 0-0 c5 7. cxd5 exd5 8. dxc5 Bxc5 9. Nc3 Nc6 10. a3 Re8 11. b4 Bb6 12. Bb2 Bg4 13. Na4 Ne4 14. Nxb6 Qxb6 15. Qd3 Rad8 16. Rad1 a6 17. Bd4 Qc7 18. Be3 Bxf3 19. Bxf3 Ne5 20. Bf4 Qe7 21. Bxe5 Qxe5 22. Bxe4 Qxe4 23. Qxe4 dxe4 24. Rxd8 Rxd8 25. Rc1 Kf8 26. g4 g6 27. Kg2 Rd2 28. e3 Ra2 29. Rc3 g5 30. Kg3 h6 31. h3 Kg7 32. f3 exf3 33. Kxf3 Rh2 34. Kg3 Rd2 35. Kf3 1/2-1/2

[Event "GER-ch U18"]
[Site "Willingen"]
[Date "2018.05.23"]
[Round "6"]
[White "Kololli, Martin"]
[Black "Buckels, Valentin"]
[Result "0-1"]
[WhiteElo "2336"]
[BlackElo "2340"]
[PlyCount "58"]
[EventDate "2018.05.19"]
[EventType "swiss"]
[EventRounds "9"]
[EventCountry "GER"]
[SourceTitle "CBM 184 Extra"]
[Source "ChessBase"]
[SourceDate "2018.06.28"]
[SourceVersion "1"]
[SourceVersionDate "2018.06.28"]
[SourceQuality "1"]

1. Nf3 Nf6 2. c4 e6 3. Nc3 Bb4 4. g4 0-0 5. g5 Ne8 6. a3 Be7 7. d3 b6 8. Qc2 Bb7 9. Rg1 c5 10. Bg2 Nc6 11. Bf4 d5 12. 0-0-0 Bd6 13. Bd2 Rc8 14. e3 Nc7 15. Kb1 a6 16. e4 Nd4 17. Nxd4 cxd4 18. Na2 a5 19. exd5 exd5 20. Bh3 Rb8 21. c5 bxc5 22. Bxa5 Ba6 23. b4 Rb5 24. Ka1 Rxa5 25. bxa5 Nb5 26. Qa4 Bxh2 27. Rh1 Be5 28. Rde1 Qxg5 29. Reg1 Qd2 0-1

[Event "Oberliga Nord N 1718"]
[Site "Germany"]
[Date "2018.01.21"]
[Round "5.3"]
[White "De Jong, Migchiel"]
[Black "Kololli, Martin"]
[Result "1-0"]
[WhiteElo "2345"]
[BlackElo "2316"]
[PlyCount "81"]
[EventDate "2017.10.08"]
[EventType "team-tourn"]
[EventRounds "9"]
[EventCountry "GER"]
[SourceTitle "EXT 2019"]
[Source "ChessBase"]
[SourceDate "2018.10.10"]
[SourceVersion "1"]
[SourceVersionDate "2018.10.10"]
[SourceQuality "1"]
[WhiteTeam "Schwerin"]
[BlackTeam "Luebeck"]
[WhiteTeamCountry "GER"]
[BlackTeamCountry "GER"]

1. e4 e5 2. Nf3 Nc6 3. Bb5 a6 4. Ba4 Nf6 5. 0-0 Be7 6. d3 b5 7. Bb3 d6 8. a3 0-0 9. Nc3 Bg4 10. Be3 Nd4 11. Bxd4 exd4 12. Nd5 c6 13. h3 Bxf3 14. Nxe7+ Qxe7 15. Qxf3 Nd7 16. Qg3 Nc5 17. Ba2 Rab8 18. f4 b4 19. Qf2 bxa3 20. bxa3 Qf6 21. Rab1 Ne6 22. Rb4 Rxb4 23. axb4 Rb8 24. Qd2 Nc7 25. Bc4 d5 26. Bb3 Qd6 27. Re1 Kf8 28. f5 Qxb4 29. Qf2 Re8 30. f6 gxf6 31. Rf1 Re6 32. Qh4 Ke7 33. Qxh7 Qd2 34. Kh1 Re5 35. Qh8 Ne8 36. exd5 cxd5 37. Ba4 Kd8 38. Bxe8 Rxe8 39. Qxf6+ Re7 40. Rb1 Qc3 41. Qd6+ 1-0

[Event "Oberliga Nord N 1718"]
[Site "Germany"]
[Date "2017.10.08"]
[Round "1.2"]
[White "Kololli, Martin"]
[Black "Schwarz, Frank"]
[Result "1/2-1/2"]
[WhiteElo "2316"]
[BlackElo "2231"]
[PlyCount "49"]
[EventDate "2017.10.08"]
[EventType "team-tourn"]
[EventRounds "9"]
[EventCountry "GER"]
[SourceTitle "EXT 2019"]
[Source "ChessBase"]
[SourceDate "2018.10.10"]
[SourceVersion "1"]
[SourceVersionDate "2018.10.10"]
[SourceQuality "1"]
[WhiteTeam "Luebeck"]
[BlackTeam "Preetz"]
[WhiteTeamCountry "GER"]
[BlackTeamCountry "GER"]

1. e4 e6 2. d4 d5 3. Nd2 Nf6 4. Bd3 c5 5. c3 Nc6 6. Ngf3 cxd4 7. cxd4 dxe4 8. Nxe4 Be7 9. Nc3 0-0 10. a3 b6 11. 0-0 Bb7 12. Bc2 Rc8 13. Qd3 Rc7 14. Bg5 g6 15. Bh6 Re8 16. Rad1 Rd7 17. Ba4 Qa8 18. Qe2 Red8 19. Be3 Nd5 20. Ne4 a6 21. Bg5 Bxg5 22. Nfxg5 h6 23. Nf3 Kg7 24. Bxc6 Bxc6 25. Rfe1 1/2-1/2

[Event "GER-chT Lands U20"]
[Site "Hannover"]
[Date "2017.10.01"]
[Round "2.3"]
[White "Schulze, Lara"]
[Black "Kololli, Martin"]
[Result "0-1"]
[WhiteElo "2106"]
[BlackElo "2239"]
[PlyCount "78"]
[EventDate "2017.09.29"]
[EventType "team-swiss"]
[EventRounds "7"]
[EventCountry "GER"]
[SourceTitle "EXT 2018"]
[Source "ChessBase"]
[SourceDate "2017.10.13"]
[SourceVersion "1"]
[SourceVersionDate "2017.10.13"]
[SourceQuality "1"]
[WhiteTeam "Niedersachsen U20"]
[BlackTeam "Schleswig Holstein U20"]
[WhiteTeamCountry "GER"]
[BlackTeamCountry "GER"]

1. e4 e5 2. Nf3 Nc6 3. Bb5 a6 4. Ba4 Nf6 5. 0-0 Be7 6. Bxc6 dxc6 7. d3 Qd6 8. Nbd2 Be6 9. b3 Nd7 10. Bb2 b5 11. a4 0-0 12. Ra2 f6 13. Qa1 Rab8 14. axb5 axb5 15. d4 exd4 16. Nxd4 c5 17. Nxe6 Qxe6 18. c4 bxc4 19. bxc4 Rfd8 20. Bc3 Bd6 21. Qe1 Nb6 22. Qe2 Bf4 23. g3 Bxd2 24. Rxd2 Rxd2 25. Bxd2 Qxc4 26. Qxc4+ Nxc4 27. Bf4 Nd6 28. f3 Rb6 29. Rc1 Rc6 30. Kf2 Kf7 31. e5 Nb5 32. exf6 gxf6 33. h4 c4 34. g4 c3 35. Be3 Ke6 36. f4 c2 37. Ke2 Kd5 38. g5 fxg5 39. fxg5 Ke4 0-1

[Event "GER-ch U18"]
[Site "Willingen"]
[Date "2017.06.10"]
[Round "9"]
[White "Kololli, Martin"]
[Black "Oberhofer, Cedric"]
[Result "1/2-1/2"]
[WhiteElo "2238"]
[BlackElo "2188"]
[PlyCount "129"]
[EventDate "2017.06.04"]
[EventType "swiss"]
[EventRounds "9"]
[EventCountry "GER"]
[SourceTitle "CBM 178 Extra"]
[Source "ChessBase"]
[SourceDate "2017.06.22"]
[SourceVersion "1"]
[SourceVersionDate "2017.06.22"]
[SourceQuality "1"]

1. e4 c5 2. c3 g6 3. d4 cxd4 4. cxd4 d5 5. exd5 Nf6 6. Nc3 Nxd5 7. Nf3 Bg7 8. Bc4 Nb6 9. Bb3 0-0 10. Be3 Nc6 11. h3 Na5 12. 0-0 Nxb3 13. axb3 Nd5 14. Re1 Re8 15. Bg5 Be6 16. Bc1 Bf5 17. g4 Bc8 18. Ne5 Be6 19. Ne4 Nb6 20. Nc5 Bd5 21. Bf4 Nc8 22. Qd3 Nd6 23. Na4 a6 24. Nc5 Nb5 25. Rad1 Rc8 26. Qe3 Qa5 27. Ra1 Qd8 28. Bg3 Qb6 29. Rad1 Na7 30. Ned7 Qb5 31. Qd3 Qxd3 32. Rxd3 Nb5 33. Nb6 Rcd8 34. Be5 Bxe5 35. Rxe5 e6 36. Nxd5 Rxd5 37. Rxd5 exd5 38. Re3 Rxe3 39. fxe3 Nd6 40. Nd7 Ne8 41. Kg2 f6 42. Nb6 Nc7 43. Nd7 Ne8 44. Nb6 Nc7 45. Nc8 Kf8 46. b4 b5 47. Nd6 Ke7 48. Nb7 Ke6 49. Nc5+ Kd6 50. Kf3 Ke7 51. h4 Kd6 52. Kf4 Ke7 53. Kf3 Kd6 54. g5 f5 55. Nb7+ Kc6 56. Nc5 Kd6 57. Kg3 Ke7 58. Kf4 Kd6 59. Nb7+ Kc6 60. Nd8+ Kd7 61. Nb7 Kc6 62. Nc5 Kd6 63. Kg3 Ke7 64. h5 Ne6 65. Nxe6 1/2-1/2

[Event "GER-ch U18"]
[Site "Willingen"]
[Date "2017.06.09"]
[Round "8"]
[White "Gschnitzer, Adrian"]
[Black "Kololli, Martin"]
[Result "1/2-1/2"]
[WhiteElo "2328"]
[BlackElo "2238"]
[PlyCount "46"]
[EventDate "2017.06.04"]
[EventType "swiss"]
[EventRounds "9"]
[EventCountry "GER"]
[SourceTitle "CBM 178 Extra"]
[Source "ChessBase"]
[SourceDate "2017.06.22"]
[SourceVersion "1"]
[SourceVersionDate "2017.06.22"]
[SourceQuality "1"]

1. e4 e5 2. Nf3 Nc6 3. d4 exd4 4. Nxd4 Qf6 5. Nb3 Qg6 6. f3 Bd6 7. Nc3 Nf6 8. g3 0-0 9. Bg2 Be5 10. Ne2 Bd6 11. 0-0 Re8 12. Nc3 Be5 13. Ne2 Bd6 14. c4 b6 15. Nc3 Ba6 16. Nb5 Bxb5 17. cxb5 Na5 18. Nxa5 Bc5+ 19. Kh1 bxa5 20. e5 Rxe5 21. f4 Rh5 22. Bf3 Rh3 23. Kg2 Qh6 1/2-1/2